Dr. Seuss: The Cat in the Hat Quiz Stats

Quiz Updated Dec 7, 2011

Also try: Green Eggs and Ham
Challenge
Share
Tweet
Embed
Score 0/236 Timer 10:00
4 Plays Today
Words % Correct
Cat
95.5%
The
94.4%
Hat
93.5%
I
91.7%
In
90%
A
89.1%
On
75.5%
Two
70.3%
One
69.2%
Do
69%
We
68.7%
And
68.2%
No
67.6%
To
67.2%
You
64.8%
Thing
63.9%
He
63.8%
Fish
61.7%
Be
59.9%
Not
59.5%
Is
59.1%
Go
58.4%
It
57.6%
Me
57.1%
Mother
51.2%
That
50.1%
Can
49.8%
Her
48.6%
When
48.3%
So
48.3%
What
47.7%
At
47.6%
She
47.1%
Out
47%
Are
46.4%
Was
46.3%
There
45.9%
All
45.6%
Day
44.7%
Of
44.4%
Up
43.2%
Too
43.2%
Why
43.2%
Your
43%
As
42.7%
House
41.7%
If
41.5%
Will
41.3%
How
41.1%
They
39.9%
For
39.1%
Who
38.5%
Could
37.4%
Would
37.4%
Should
36.8%
Have
36.7%
Play
36.6%
My
36.3%
This
35.9%
Did
35.8%
Said
35.6%
Bow
34.6%
Then
34.5%
Down
34.3%
Red
33.9%
Like
33.7%
Sat
33.2%
Him
33%
But
32.9%
Were
32.8%
His
32.2%
Us
31.6%
With
31.2%
Fun
31.1%
Them
31.1%
Say
31%
Our
30.8%
Sally
30.7%
Had
30.4%
Words % Correct
Here
30.2%
Ball
28.1%
Good
27.9%
See
27.6%
Wet
27.3%
Box
27.2%
Some
26.6%
Know
26.2%
Their
26.2%
Come
26.2%
Home
26.1%
Went
26.1%
Yes
25.9%
About
25.5%
Mess
25.1%
Look
25%
From
24.9%
Get
24.8%
Sun
23.6%
Cold
23.1%
Mat
23.1%
Sit
22.9%
Has
22.9%
Jump
22.7%
Saw
22.6%
Came
22.3%
Bad
22.3%
Now
22.3%
White
22.2%
Lit
22.1%
Back
21.2%
Wish
20.9%
Cake
20.4%
Things
20.3%
Little
20.3%
Any
20.2%
After
20.1%
Nothing
19.7%
Away
19.5%
Run
19%
Gone
18.9%
Dish
18.9%
Man
18.4%
Put
18.4%
Into
18%
These
18%
Make
17.9%
Oh
17.8%
Those
17.7%
Want
17.7%
Big
17.5%
Game
16.9%
Fall
16.8%
Book
16.5%
Bed
16.2%
Top
16.1%
Something
16%
Wall
15.9%
Ran
15.7%
Head
15.7%
Hand
15.6%
New
15.6%
Got
15.6%
Bit
15.4%
Funny
15.3%
Let
15.3%
Kite
15.1%
Made
15%
Take
14.8%
Hear
14.6%
Bump
14.5%
Hall
14.4%
Bet
14.3%
Lot
14.2%
Cup
13.9%
Well
13.8%
Rake
13.6%
Think
13.6%
Call
13.5%
Words % Correct
Sad
13.4%
Show
13.2%
Hop
13.2%
Way
13.2%
Give
13.2%
Tell
12.9%
Pot
12.8%
Sunny
12.7%
Looked
12.7%
Shine
12.6%
Tall
12.5%
Pink
12.4%
Yet
11.8%
Toy
11.8%
Always
11.6%
Stop
11.3%
Asked
11.2%
Another
11.2%
Games
10.9%
Fox
10.8%
Tail
10.7%
Pat
10.5%
Trick
10.4%
Lots
10.2%
Step
10%
Fan
9.9%
Pick
9.9%
Stand
9.5%
Net
9.4%
Ship
9.3%
Gave
9.2%
Fear
9.1%
Fell
9.1%
High
8.9%
Tricks
8.7%
Milk
8.7%
Gown
8.6%
Fly
8.5%
Books
8.5%
Mother's
8.4%
Mind
8.3%
Fast
8.1%
Hands
8.1%
Near
8.1%
Find
8.1%
Hit
8%
Hold
8%
Hook
7.8%
Bent
7.3%
Thump
7.2%
Deep
6.2%
Dear
6.1%
Shake
6%
Kites
5.9%
Tip
5.7%
Shook
5.6%
String
5.6%
Dots
5.6%
Kind
5.6%
Jumps
5.3%
Last
5.3%
Bite
5%
Wood
5%
Playthings
4.8%
Sank
4.3%
Shut
4.2%
Rid
4.1%
Shame
4.1%
Bumps
4.1%
Tame
3.9%
Plop
3.8%
Picked
3.6%
Hops
3.5%
Thumps
3.5%
Kicks
3.3%
Pack
3.1%
Strings
2.8%
Kinds
2.7%

You're not logged in!

Compare scores with friends on all Sporcle quizzes.
Join for Free
OR
Log In

You Might Also Like...

Show Comments

Extras

Top Quizzes Today


Score Distribution

Your Account Isn't Verified!

In order to create a playlist on Sporcle, you need to verify the email address you used during registration. Go to your Sporcle Settings to finish the process.

Report this User

Report this user for behavior that violates our Community Guidelines.

Details: